000 00608nam a2200181 a 4500
001 000049206
005 20240316073906.0
008 190729s1986 dr r 000 0 spa d
040 _aDO-SdBNP
_bspa
_cBNPHU
082 _axxxx
_bD542l
100 1 _aDíaz Castillo, Bienvenido
_922529
245 1 0 _aLecturas selectas /
_cBienvenido Díaz Castillo ; prólogo Marcio Veloz Maggiolo.
250 _a5a ed.
260 _aSanto Domingo :
_bLibrería y Papelería El Estudiante,
_c1986.
300 _a201 p. ;
_c18 cm.
590 _aInventariado, 2019/BT
700 1 _aVeloz Maggiolo, Marcio,
_d1936-2021
_epról.
_91104
999 _c48694
_d48694